000 00689nam a2200265Ia 4500
005 20260121172918.0
008 008 260114s9999 xx 000 0 eng d
020 _a9789811685316
037 _aEBOOK
040 _aCRL
040 _beng
040 _cCRL
041 _2eng
041 _aeng
084 _qCRL
100 _aYue Xu, Rosalind Wang, Anton Lord, Yee Ling Boo, Richi Nayak, Yanchang Zhao, Graham Williams
_91094293
245 0 _aData Mining
260 _bSpringer
260 _bSpringer
260 _c2021
856 _uhttps://link.springer.com/openurl?genre=book&isbn=978-981-16-8531-6
942 _cEBOOK
999 _c1660035
_d1660035